Szczegóły MARC21

The great dictionary of law and economics. Vol. 2, Polish-English /

003 -Nazwa inst., której nr kontr. jest w polu 001 [,]
    • @
    • Nazwa instytucji, której n kontrolny jest w polu 001
    • NUKAT
005 -DATA I CZAS OSTATNIEJ MODYFIKACJI [,]
    • @
    • pole kontrolne
    • 20241231090405.0
020 -Międzynarod. znormalizowany nr książki - ISBN [ , ]
    • a
    • Numer ISBN
    • 9788374837019 Find
040 -Instytucja sporządzająca opis [ , ]
    • a
    • Instytucja, która sporządziła opis (NP)
    • LUBL KUL/MCs
    • c
    • Instytucja, która sporządziła rekord (NP)
    • LUBL KUL/MCs
    • d
    • Instytucja, która zmodyfikowała rekord (P)
    • LUBL KUL/MC
    • d
    • Instytucja, która zmodyfikowała rekord (P)
    • WA U/JS
041 -Język dokumentu [0, ]
    • a
    • Język tekstu (P)
    • angielski
    • a
    • Język tekstu (P)
    • polski
942 -Rodzaj dokumentu [ , ]
    • c
    • Rodzaj dokumentu
    • Książka
100 -Hasło główne - nazwa osobowa [1, ]
    • a
    • Nazwa osobowa (NP)
    • Ożga, Ewa.
    • 9
    • KHW
    • 8576
245 -Strefa tytułu i oznaczenia odpowiedzialności [1,4]
    • a
    • Tytuł
    • The great dictionary of law and economics. Find
    • n
    • Oznaczenie części (P)
    • Vol. 2,
    • p
    • Nazwa części (P)
    • Polish-English /
    • c
    • Pozostałe elementy strefy tytułu i oznaczenia odpowiedzialności (NP)
    • Ewa Ożga.
250 -Strefa wydania [ , ]
    • a
    • Oznaczenie wydania (NP)
    • Wydanie z CD.
260 -Strefa adresu wydawniczego [ , ]
    • a
    • Miejsce wydania (P)
    • Warszawa :
    • b
    • Nazwa wydawcy (P)
    • Wydawnictwo C. H. Beck,
    • c
    • Data wydania (P)
    • 2009.
300 -Strefa opisu fizycznego [ , ]
    • a
    • Określenie formy książki i/lub objętość (NP)
    • VI, 634 s. ;
    • c
    • Format (NP)
    • 25 cm +
    • e
    • Oznaczenie dokumentu towarzyszącego (NP)
    • CD-ROM.
336 -Typ zawartości [ , ]
    • a
    • Termin opisujący typ zawartości
    • Tekst
    • b
    • Kod określający zawartość
    • txt
    • 2
    • Źródło (terminu i kodu)
    • rdacontent
337 -Typ mediów [ , ]
    • a
    • Tryb odtwarzania
    • Bez urządzenia pośredniczącego
    • b
    • Kod typu mediów
    • n
    • 2
    • Źródło (terminu i kodu)
    • rdamedia
338 -Typ/rodzaj nośnika [ , ]
    • a
    • Hasło opisujące typ nośnika
    • Wolumin
    • b
    • Kod typu nośnika
    • nc
    • 2
    • Źródło (terminu i kodu)
    • rdacarrier
504 -Uwaga dot. bibliogr. załącznikowej [ , ]
    • a
    • Uwaga dot. bibliografii załącznikowej
    • Bibliogr. s. V-VI.
080 -Uniwersalna Klasyfikacja Dziesiętna [ , ]
    • 2
    • Identyfikator wydania tablic
    • UDC-P058
    • 9
    • UKD
    • 2940
    • a
    • Symbol klasyfikacji
    • 33
    • b
    • Dopowiedzenie
    • Nauki ekonomiczne. Gospodarka. Ekonomia.
    • 4
    • UKD2
    • 7663
    • x
    • Poddział wspólny
    • (038)
    • c
    • Dopowiedzenie poddz. wspólnego
    • (Słowniki).
    • 4
    • UKD2
    • 7660
    • x
    • Poddział wspólny
    • =162.1
    • c
    • Dopowiedzenie poddz. wspólnego
    • =Język polski.
    • 4
    • UKD2
    • 7644
    • x
    • Poddział wspólny
    • =111
    • c
    • Dopowiedzenie poddz. wspólnego
    • =Język angielski.
080 -Uniwersalna Klasyfikacja Dziesiętna [ , ]
    • 2
    • Identyfikator wydania tablic
    • UDC-P058
    • 9
    • UKD
    • 3345
    • a
    • Symbol klasyfikacji
    • 34
    • b
    • Dopowiedzenie
    • Nauki prawne. Prawo.
    • 4
    • UKD2
    • 7663
    • x
    • Poddział wspólny
    • (038)
    • c
    • Dopowiedzenie poddz. wspólnego
    • (Słowniki).
    • 4
    • UKD2
    • 7660
    • x
    • Poddział wspólny
    • =162.1
    • c
    • Dopowiedzenie poddz. wspólnego
    • =Język polski.
    • 4
    • UKD2
    • 7644
    • x
    • Poddział wspólny
    • =111
    • c
    • Dopowiedzenie poddz. wspólnego
    • =Język angielski.
650 -Hasło przedmiotowe [ ,7]
    • a
    • Hasło przedmiotowe
    • Ekonomia
    • v
    • Określnik formalny
    • słowniki angielskie.
    • 2
    • Źródło terminu
    • kaba
    • 9
    • KHW
    • 354557
650 -Hasło przedmiotowe [ ,7]
    • a
    • Hasło przedmiotowe
    • Prawo
    • v
    • Określnik formalny
    • słowniki angielskie.
    • 2
    • Źródło terminu
    • kaba
    • 9
    • KHW
    • 350169
650 -Hasło przedmiotowe [ ,7]
    • a
    • Hasło przedmiotowe
    • Prawo
    • v
    • Określnik formalny
    • słowniki polskie.
    • 2
    • Źródło terminu
    • kaba
    • 9
    • KHW
    • 363011
650 -Hasło przedmiotowe [ ,7]
    • a
    • Hasło przedmiotowe
    • Ekonomia
    • v
    • Określnik formalny
    • słowniki polskie.
    • 2
    • Źródło terminu
    • kaba
    • 9
    • KHW
    • 354558
650 -Hasło przedmiotowe [ ,7]
    • a
    • Hasło przedmiotowe
    • Język polski
    • x
    • Określnik rzeczowy
    • język prawniczy
    • v
    • Określnik formalny
    • glosaria angielskie.
    • 2
    • Źródło terminu
    • kaba
    • 9
    • KHW
    • 382764
650 -Hasło przedmiotowe [ ,7]
    • a
    • Hasło przedmiotowe
    • Język polski
    • x
    • Określnik rzeczowy
    • język handlowy
    • v
    • Określnik formalny
    • glosaria angielskie.
    • 2
    • Źródło terminu
    • kaba
    • 9
    • KHW
    • 354559
980 -Symbol UKD [ , ]
    • a
    • UKD
    • 33 34](038)=162.1=111
710 -Hasło dodatkowe - nazwa ciała zbiorowego [2, ]
    • a
    • Nazwa ciała zbiorowego lub nazwa geograficzna jako pierwszy element (NP)
    • Wydawnictwo C.H. Beck.
    • 4
    • Kod relacji
    • pbl
    • 9
    • KHW
    • 52679
856 -Dostęp do wersji elektronicznej [4,8]
    • 3
    • Wyszczególnienie materiału
    • Okładka
920 -ISBN [ , ]
    • a
    • ISBN
    • 978-83-7483-701-9 Find
Sygnatura Obwoluta Numer inwentarzowy Status udost. Data inwentaryzacji Lokalizacja
SA.179361SA.1793612009-10-27BSA